000 01029nam a2200301 i 4500
003 DO-SdBNP
005 20250808110715.0
007 ta
008 231113b2023 dr ||||| |||| 00| 0 spa d
020 _a9789945648041
040 _aDO-SdBNP
_bspa
_cBNPHU
_erda
041 _aspa
082 4 _aRD861.44
_bM516e
_222
100 1 _aGerónimo Mejía, Miguel,
_eautor
_4aut.
_984630
245 1 0 _aEcos de mi silencio /
_cMiguel Gerónimo Mejía ; prólogo, Miguel Antonio Jiménez
264 1 _aSanto Domingo :
_bEditorial Santuario,
_c2023.
300 _a84 páginas ;
_c22 cm.
336 _atexto
_btxt
_2rdacontent
337 _asin mediación
_bn
_2rdamedia
338 _avolumen
_bnc
_2rdacarrier
500 _aIncluye datos biográficos del autor en la solapa de la cubierta
590 _aInventariado, 2023/BT
650 4 _aPoesía dominicana
650 4 _aLiteratura dominicana
700 1 _aJiménez, Miguel Antonio,
_eprologuista
_923568
_4pr.
910 _aBtavárez/Validado. Control de calidad MFF
942 _2ddc
_cLBS1
999 _c55475
_d55475